| 000 | 00622nam a2200181 i 4500 | ||
|---|---|---|---|
| 001 | 78981 | ||
| 003 | ES-MaACL | ||
| 005 | 20230906173853.0 | ||
| 007 | t| | ||
| 008 | 041018s1941 sp d ||||1| spa d | ||
| 100 | 1 |
_aHeller, Wolfgang. _962449 |
|
| 245 | 1 | 0 |
_aDiccionario de economía política / _cpor el Prof. Wolfgang Heller ; versión de la tercera edición alemana, con prólogo, adiciones y bibliografia. |
| 250 | _a2ª ed. | ||
| 260 |
_aBarcelona : _bLabor, _c1941 ( _fTall. Gráf. Ibero-Americanos) |
||
| 300 |
_aXVI, 361 p. ; _c20 cm. |
||
| 650 | 4 |
_aEconomía- _xDiccionarios. _912008 |
|
| 852 | 4 |
_aES-MaACL _jB-9278 |
|
| 999 |
_c78981 _d78981 |
||